| 000 | 01025nam a22002657a 4500 | ||
|---|---|---|---|
| 003 | OSt | ||
| 005 | 20260511114449.0 | ||
| 008 | 260511b |||||||| |||| 00| 0 eng d | ||
| 020 | _a9781680107296 | ||
| 040 | _aKenya National Library Service | ||
| 082 | _a578.74 MAR | ||
| 100 |
_aMarx, Jonny, _eauthor. |
||
| 245 |
_aCurious kids : _bexplore the meadow / _ctext by Jonny Marx ; illustrated by Christiane Engel. |
||
| 300 |
_a1 volume (unpaged) : _bcolour illustrations, pop-ups ; _c27 cm. |
||
| 490 | _aTiger tales. | ||
| 500 | _aPop-up board book. | ||
| 520 | _aIntroduces insects, frogs, butterflies, ants, bees, and other creatures that live in the meadow through simple facts and interactive pop-up illustrations for young readers. | ||
| 521 | _aAges 3-6. | ||
| 650 |
_aMeadows _vJuvenile literature. |
||
| 650 |
_aAnimals _vJuvenile literature. |
||
| 700 |
_aEngel, Christiane, _eillustrator. |
||
| 942 |
_2ddc _cBK _n0 |
||
| 999 |
_c492658 _d492658 |
||